Participants au concert Live Aid de 1985 - Statistiques

Statistiques générales
  • Ce quiz a été pris 8 fois
  • Le résultat moyen est 7 sur 80
Statistiques - réponses
Participants au Live Aid 1985 % Correct
Queen
63%
U2
63%
Elton John
50%
Phil Collins
50%
Tina Turner
50%
David Bowie
38%
Duran Duran
38%
Paul McCartney
38%
Sting
38%
The Who
38%
Wham!
38%
Black Sabbath
25%
Dire Straits
25%
Eric Clapton
25%
INXS
25%
Led Zeppelin
25%
Madonna
25%
Mick Jagger
25%
Bryan Adams
13%
Paul Young
13%
Run D.M.C
13%
Status Quo
13%
The Beach Boys
13%
Adam Ant
0%
Albert Collins
0%
Alison Moyet
0%
Ashford and Simpson
0%
Band Aid
0%
B.B.King
0%
Bernard Watson
0%
Billy Ocean
0%
Bod Dylan
0%
Bo Diddley
0%
Branford Marsalis
0%
Brian May
0%
Bryan Ferry
0%
Carlos Santana
0%
Cliff Richards
0%
Crosby, Stills, Nash and Young
0%
David Gilmour
0%
David Ruffin
0%
Eddie Kendricks
0%
Elvis Costello
0%
Foreigner
0%
Freddie Mercury
0%
George Thorogood & the Destroyers
0%
G.E.Smith
0%
Hall and Oates
0%
Howard Jones
0%
Joan Baez
0%
Judas Priest
0%
Keith Richards
0%
Kenny Loggins
0%
Kiki Dee
0%
Loudness
0%
Neil Young
0%
Nik Kershaw
0%
Pat Metheny
0%
Patti LaBelle
0%
REO Speedwagon
0%
Rick Springfield
0%
Ronnie Wood
0%
Sade
0%
Simpe Minds
0%
Spandau Ballet
0%
Teddy Pendergrass
0%
The Boomtown Rats
0%
The Cars
0%
The Four Tops
0%
The Hooters
0%
The Power Station
0%
The Pretenders
0%
The Style Council
0%
Thomas Dolby
0%
Thompson Twins
0%
Tom Petty
0%
Tomy Thompson
0%
Udo Linderberg
0%
Ultravox
0%
USA for Africa
0%
Aucun quiz correspondant
Distribution des résultats
% des personnes avec chaque résultat
Percentile par nombre de réponses
Votre historique - résultats
Vous n’avez pas pris ce quiz